Príčiny vzniku delikventného a kriminálneho správania žiakov základných a stredných škôl

Podrobná bibliografia
Hlavný autor: Grňa, Július (Autor)
Médium: Článok
Jazyk:slovenčina
ISSN:0139-6919
Predmet:

MARC

LEADER 00000nab a2200000 4500
001 vtls011768949
003 SK-MaSNL
005 20260303214623.0
008 180725| xo |||| ||an ||00 0|slo
015 |a SNBRB2018/07 
040 |a SPKCL  |b slo  |e rda 
041 |a slo 
044 |a xo  |c SK 
072 7 |a 616.89  |x Psychiatria  |2 konspekt 
072 7 |a 316  |x Sociológia  |2 konspekt 
072 7 |a 37.09  |x Organizácia výučby a vzdelávanie  |2 konspekt 
080 |a 616.89-008.447  |2 2011 
080 |a 316.624.3  |2 2001 
080 |a 37.091.212  |2 2011 
100 1 |a Grňa, Július  |4 aut  |9 828491 
245 1 0 |a Príčiny vzniku delikventného a kriminálneho správania žiakov základných a stredných škôl  |c Július Grňa 
336 |a text  |b txt  |2 rdacontent 
337 |a bez média  |b n  |2 rdamedia 
338 |a zväzok  |b nc  |2 rdacarrier 
504 |a Obsahuje bibliografiu 
546 |a Slovenské resumé 
650 0 7 |a poruchy správania  |2 SNKPH  |9 18480 
650 0 7 |a delikvencia  |2 SNKPH  |9 2182 
650 0 7 |a žiaci  |2 SNKPH  |9 16621 
773 0 |t Vychovávateľ  |g Roč. LXVI, č. 5-6 (2018), s. 49-53  |x 0139-6919 
787 0 8 |i Rec.: 
958 |a NB 
999 |c 2217934  |d 2219864